000 00394nam a2200145 i 4500
001 60101
003 ES-MaACL
005 20230906164145.0
007 t|
008 031103s1969 sp ||||1| spa d
245 0 0 _aEspaña-Portugal
_b: 1969-70 : guía.
260 _a[S.l. :
_bs.n.],
_c1969 (
_eValencia :
_fImp. Domenech)
300 _a160 p. ;
_c22 cm.
852 _aES-MaACL
_jC-36775
_bR.70376
999 _c60101
_d60101